The Complete works of William Shakespeare

Gardado en:
Detalles Bibliográficos
Autor Principal: Shakespeare, William
Formato: Libro
Idioma:Undetermined
Publicado: New York, Estados Unidos Gramercy Books 1990
Materias:
Etiquetas: Engadir etiqueta
Sen Etiquetas, Sexa o primeiro en etiquetar este rexistro!

MARC

LEADER 00000nam a2200000Ia 4500
008 170316s9999 xx 000 0 und d
040 |a cru BVZT 
090 |a 820 S-5co 
100 |a Shakespeare, William 
245 4 |a The Complete works of William Shakespeare 
260 |a New York, Estados Unidos 
260 |b Gramercy Books 
260 |c 1990 
300 |a 1227 páginas 
650 |a LITERATURA INGLESA 
999 |c 7112  |d 7112 
942 |c 15 D  |h 820 S-5co  |2 z